Countries that Have Won an osu! World Cup - Statistics

General Stats
  • This quiz has been taken 189 times
    148 since last reset
  • The average score is 54 of 57
Answer Stats
osu! Country % Correct
2014 Japan
99%
2012 Japan
99%
2014 Japan
99%
2015 Japan
99%
2016 Japan
99%
2017 Japan
99%
2018 Japan
99%
2019 Japan
99%
2020 Japan
99%
2021 Japan
99%
2022 Japan
99%
2023 Japan
99%
2023 United States
99%
2015 United States
99%
2016 United States
99%
2018 United States
99%
2019 United States
99%
2020 United States
99%
2021 United States
99%
2022 United States
99%
2023 United States
99%
2015 United States
99%
2024 South Korea
98%
#2 South Korea
98%
#3 South Korea
98%
2013 South Korea
98%
2014 South Korea
98%
2016 South Korea
98%
2017 South Korea
98%
2018 South Korea
98%
2019 South Korea
98%
2022 South Korea
98%
2014 South Korea
98%
2017 South Korea
98%
2018 South Korea
98%
2019 South Korea
98%
2022 South Korea
98%
2014 South Korea
98%
2015 South Korea
98%
2017 South Korea
98%
2019 South Korea
98%
2020 South Korea
98%
2021 South Korea
98%
2022 South Korea
98%
2023 South Korea
98%
2016 China
95%
#1 China
95%
2016 China
95%
2018 China
95%
#1 Taiwan
83%
2011 Taiwan
83%
#3 Taiwan
83%
2020 Brazil
71%
2021 Brazil
71%
2023 Philippines
59%
2017 Poland
56%
2013 Chile
34%
No matching quizzes found
Score Distribution
Percent of People with Each Score
Percentile by Number Answered
Your Score History
You have not taken this quiz since the last reset